[Event "Greek Team Championship"]
[Site "chess24.com"]
[Date "2017.07.07"]
[Round "6"]
[White "Tsomis, Dimitrios"]
[Black "Gavriilidis, Georgios"]
[Result "1/2-1/2"]
[Board "4"]
[WhiteElo "1971"]
[WhiteTitle "FM"]
[WhiteCountry "GRE"]
[WhiteFideId "4201280"]
[WhiteEloChange "4"]
[BlackElo "2131"]
[BlackCountry "GRE"]
[BlackFideId "4206894"]
[BlackEloChange "-4"]

1. e4 {[%clk 1:30:53]} c5 {[%clk 1:28:03]} 2. Nf3 {[%clk 1:31:06]} d6 {[%clk
1:28:23]} 3. d4 {[%clk 1:30:58]} cxd4 {[%clk 1:28:47]} 4. Nxd4 {[%clk 1:31:16]}
Nf6 {[%clk 1:29:03]} 5. Nc3 {[%clk 1:31:07]} g6 {[%clk 1:29:30]} 6. Be3 {[%clk
1:30:10]} Bg7 {[%clk 1:29:53]} 7. f3 {[%clk 1:29:47]} O-O {[%clk 1:29:40]} 8. Bc4
{[%clk 1:26:52]} Nc6 {[%clk 1:29:51]} 9. Bb3 {[%clk 1:26:54]} Qa5 {[%clk
1:29:31]} 10. Qd2 {[%clk 1:26:51]} Bd7 {[%clk 1:29:50]} 11. O-O-O {[%clk
1:26:36]} Rfc8 {[%clk 1:30:16]} 12. Kb1 {[%clk 1:26:34]} Ne5 {[%clk 1:27:58]} 13.
g4 {[%clk 1:25:54]} b5 {[%clk 1:26:28]} 14. g5 {[%clk 1:18:06]} b4 {[%clk
1:26:54]} 15. Nce2 {[%clk 1:06:40]} Nh5 {[%clk 1:27:15]} 16. Rhf1 {[%clk
0:51:00]} Nc4 {[%clk 1:22:43]} 17. Bxc4 {[%clk 0:51:20]} Rxc4 {[%clk 1:23:09]}
18. Nb3 {[%clk 0:51:29]} Qc7 {[%clk 1:23:25]} 19. Ng3 {[%clk 0:49:16]} Nxg3
{[%clk 1:22:29]} 20. hxg3 {[%clk 0:49:35]} Rc8 {[%clk 1:22:53]} 21. Rf2 {[%clk
0:49:19]} a5 {[%clk 1:21:35]} 22. Nc1 {[%clk 0:43:50]} a4 {[%clk 1:19:01]} 23.
Nd3 {[%clk 0:42:05]} Be6 {[%clk 1:15:28]} 24. Nf4 {[%clk 0:41:52]} Qa5 {[%clk
1:10:34]} 25. Nxe6 {[%clk 0:41:21]} fxe6 {[%clk 1:10:58]} 26. Qd3 {[%clk
0:39:51]} a3 {[%clk 1:09:44]} 27. Qb3 {[%clk 0:34:08]} axb2 {[%clk 1:07:34]} 28.
Bd4 {[%clk 0:34:12]} Bxd4 {[%clk 1:06:08]} 29. Rxd4 {[%clk 0:34:17]} Qxg5 {[%clk
1:06:25]} 30. f4 {[%clk 0:32:54]} Qc5 {[%clk 1:04:22]} 31. Rxc4 {[%clk 0:29:16]}
Qxc4 {[%clk 1:04:45]} 32. Re2 {[%clk 0:27:36]} Kf7 {[%clk 1:02:47]} 33. Qd3
{[%clk 0:24:28]} Qc3 {[%clk 1:00:54]} 34. Re3 {[%clk 0:23:53]} Rc5 {[%clk
1:00:03]} 35. Qe2 {[%clk 0:23:11]} Qd4 {[%clk 0:59:43]} 36. Rd3 {[%clk 0:23:24]}
Qc4 {[%clk 0:59:28]} 37. Qg2 {[%clk 0:17:35]} Ra5 {[%clk 0:58:49]} 38. Rb3 {[%clk
0:17:33]} Qd4 {[%clk 0:57:00]} 39. Rd3 {[%clk 0:17:35]} Qa7 {[%clk 0:55:28]} 40.
Kxb2 {[%clk 0:46:12]} Rxa2+ {[%clk 1:24:54]} 41. Kc1 {[%clk 0:46:15]} Ra1+ {[%clk
1:25:15]} 42. Kd2 {[%clk 0:46:02]} Rg1 {[%clk 1:21:36]} 43. Qh2 {[%clk 0:46:01]}
Qa1 {[%clk 1:21:55]} 44. Qxh7+ {[%clk 0:38:38]} Kf8 {[%clk 1:20:31]} 45. Qh6+
{[%clk 0:37:25]} Ke8 {[%clk 1:20:54]} 46. Qxg6+ {[%clk 0:37:29]} Kd7 {[%clk
1:21:19]} 47. Ke3 {[%clk 0:37:20]} Rf1 {[%clk 1:20:20]} 48. Qg4 {[%clk 0:33:21]}
Qa7+ {[%clk 1:20:50]} 49. Rd4 {[%clk 0:32:55]} Ra1 {[%clk 1:20:30]} 50. Qg7
{[%clk 0:30:16]} Rd1 {[%clk 1:18:59]} 51. g4 {[%clk 0:29:38]} e5 {[%clk 1:19:08]}
52. Qxe5 {[%clk 0:29:49]} 1/2-1/2

[Event "Greek Team Championship"]
[Site "chess24.com"]
[Date "2017.07.07"]
[Round "6"]
[White "Houhouli, Hristina"]
[Black "Zimina, Olga"]
[Result "0-1"]
[Board "5"]
[WhiteElo "1431"]
[WhiteCountry "GRE"]
[WhiteFideId "4247477"]
[WhiteEloChange "-2"]
[BlackElo "2390"]
[BlackTitle "IM"]
[BlackCountry "ITA"]
[BlackFideId "4132190"]
[BlackEloChange "2"]

1. d4 {[%clk 1:30:57]} Nf6 {[%clk 1:30:45]} 2. Nf3 {[%clk 1:31:22]} e6 {[%clk
1:30:57]} 3. Nbd2 {[%clk 1:31:37]} c5 {[%clk 1:31:14]} 4. e3 {[%clk 1:32:01]} b6
{[%clk 1:31:04]} 5. Bd3 {[%clk 1:31:51]} Bb7 {[%clk 1:31:25]} 6. b3 {[%clk
1:31:50]} cxd4 {[%clk 1:29:26]} 7. exd4 {[%clk 1:31:48]} Nd5 {[%clk 1:27:43]} 8.
O-O {[%clk 1:27:41]} Nf4 {[%clk 1:25:59]} 9. Bc4 {[%clk 1:26:01]} Qf6 {[%clk
1:23:21]} 10. Bb2 {[%clk 1:20:26]} Be7 {[%clk 1:19:56]} 11. Re1 {[%clk 1:19:44]}
Qg6 {[%clk 1:19:53]} 12. g3 {[%clk 1:18:08]} d6 {[%clk 1:13:10]} 13. Kf1 {[%clk
1:16:46]} 0-1

[Event "Greek Team Championship"]
[Site "chess24.com"]
[Date "2017.07.07"]
[Round "6"]
[White "Psofimi, Milia"]
[Black "Serefidou, Despina"]
[Result "1/2-1/2"]
[Board "6"]
[WhiteElo "1507"]
[WhiteCountry "GRE"]
[WhiteFideId "4232135"]
[WhiteEloChange "8"]
[BlackElo "1981"]
[BlackCountry "GRE"]
[BlackFideId "4218787"]
[BlackEloChange "-8"]

1. e4 {[%clk 1:30:58]} c5 {[%clk 1:30:56]} 2. Nf3 {[%clk 1:31:19]} d6 {[%clk
1:31:21]} 3. d4 {[%clk 1:31:30]} cxd4 {[%clk 1:31:45]} 4. Nxd4 {[%clk 1:31:55]}
Nf6 {[%clk 1:32:07]} 5. Nc3 {[%clk 1:32:18]} a6 {[%clk 1:32:32]} 6. Be2 {[%clk
1:32:23]} e5 {[%clk 1:32:53]} 7. Nb3 {[%clk 1:32:41]} Be6 {[%clk 1:32:59]} 8. O-O
{[%clk 1:29:22]} Nbd7 {[%clk 1:31:14]} 9. Be3 {[%clk 1:27:06]} Rc8 {[%clk
1:30:16]} 10. Qd2 {[%clk 1:20:36]} Nb6 {[%clk 1:21:18]} 11. Rfd1 {[%clk 0:50:54]}
Nc4 {[%clk 1:16:49]} 12. Bxc4 {[%clk 0:47:11]} Bxc4 {[%clk 1:14:30]} 13. f3
{[%clk 0:40:15]} h6 {[%clk 1:11:07]} 14. a4 {[%clk 0:34:27]} Be7 {[%clk 1:08:29]}
15. a5 {[%clk 0:33:39]} O-O {[%clk 1:06:56]} 16. Qf2 {[%clk 0:23:27]} Qc7 {[%clk
0:59:03]} 17. Rd2 {[%clk 0:13:52]} Nd7 {[%clk 0:53:42]} 18. Nd5 {[%clk 0:06:41]}
Bxd5 {[%clk 0:53:45]} 19. exd5 {[%clk 0:07:04]} Bg5 {[%clk 0:48:00]} 20. Bxg5
{[%clk 0:04:44]} hxg5 {[%clk 0:48:25]} 21. Qe3 {[%clk 0:04:32]} Qd8 {[%clk
0:47:15]} 22. c3 {[%clk 0:04:16]} f5 {[%clk 0:44:10]} 23. Rf2 {[%clk 0:02:50]}
Qf6 {[%clk 0:29:53]} 24. Ra4 {[%clk 0:01:12]} Nc5 {[%clk 0:27:43]} 25. Nxc5
{[%clk 0:01:31]} Rxc5 {[%clk 0:28:08]} 26. Qd3 {[%clk 0:00:59]} Qf7 {[%clk
0:20:42]} 27. c4 {[%clk 0:01:06]} Qc7 {[%clk 0:19:57]} 28. Qc3 {[%clk 0:00:46]}
Rc8 {[%clk 0:18:42]} 29. b3 {[%clk 0:01:03]} Rxd5 {[%clk 0:18:08]} 30. Rd2 {[%clk
0:00:45]} Rxd2 {[%clk 0:17:10]} 31. Qxd2 {[%clk 0:01:10]} Qe7 {[%clk 0:11:13]}
32. Qd5+ {[%clk 0:01:10]} Kf8 {[%clk 0:11:30]} 33. Rb4 {[%clk 0:00:43]} Rc6
{[%clk 0:10:45]} 34. Rb6 {[%clk 0:00:32]} Rxb6 {[%clk 0:10:33]} 35. axb6 {[%clk
0:00:58]} e4 {[%clk 0:01:45]} 36. Qxf5+ {[%clk 0:01:15]} Kg8 {[%clk 0:01:48]} 37.
Qxe4 {[%clk 0:01:24]} Qf6 {[%clk 0:00:57]} 38. Qe8+ {[%clk 0:01:35]} Kh7 {[%clk
0:01:18]} 39. Qe4+ {[%clk 0:02:03]} Kg8 {[%clk 0:01:32]} 40. Qe8+ {[%clk
0:32:32]} Kh7 {[%clk 0:31:14]} 1/2-1/2

[Event "Greek Team Championship"]
[Site "chess24.com"]
[Date "2017.07.07"]
[Round "6"]
[White "Batsi, Varvara"]
[Black "Papadopoulou, Marilena"]
[Result "1-0"]
[Board "7"]
[WhiteElo "1133"]
[WhiteCountry "GRE"]
[WhiteFideId "25820575"]
[WhiteEloChange "12"]
[BlackElo "1213"]
[BlackCountry "GRE"]
[BlackFideId "25835971"]
[BlackEloChange "-12"]

1. d4 {[%clk 1:30:57]} Nf6 {[%clk 1:30:42]} 2. Nf3 {[%clk 1:31:23]} d5 {[%clk
1:30:45]} 3. Bf4 {[%clk 1:31:40]} c5 {[%clk 1:30:44]} 4. e3 {[%clk 1:31:43]} Nc6
{[%clk 1:30:38]} 5. c3 {[%clk 1:31:13]} Qb6 {[%clk 1:30:28]} 6. Qb3 {[%clk
1:29:59]} c4 {[%clk 1:30:24]} 7. Qc2 {[%clk 1:29:14]} Bf5 {[%clk 1:29:18]} 8. Qc1
{[%clk 1:26:00]} e6 {[%clk 1:27:21]} 9. Nbd2 {[%clk 1:24:31]} Be7 {[%clk
1:25:15]} 10. Be2 {[%clk 1:24:42]} h6 {[%clk 1:24:13]} 11. h3 {[%clk 1:23:48]}
O-O {[%clk 1:23:22]} 12. O-O {[%clk 1:24:07]} Rfe8 {[%clk 1:20:41]} 13. Ne5
{[%clk 1:19:09]} Rad8 {[%clk 1:17:51]} 14. Bd1 {[%clk 1:12:40]} Nd7 {[%clk
1:14:31]} 15. Nxd7 {[%clk 1:06:12]} Rxd7 {[%clk 1:14:52]} 16. Nf3 {[%clk
1:05:40]} Bd6 {[%clk 1:08:44]} 17. Bxd6 {[%clk 1:03:09]} Rxd6 {[%clk 1:06:12]}
18. Bc2 {[%clk 1:02:53]} Bxc2 {[%clk 1:04:15]} 19. Qxc2 {[%clk 1:03:16]} e5
{[%clk 0:59:09]} 20. dxe5 {[%clk 1:03:07]} Nxe5 {[%clk 0:59:14]} 21. Nxe5 {[%clk
1:03:17]} Rxe5 {[%clk 0:59:28]} 22. Rad1 {[%clk 0:54:45]} Rg5 {[%clk 0:55:11]}
23. Rd4 {[%clk 0:48:16]} Qc6 {[%clk 0:52:35]} 24. Rfd1 {[%clk 0:47:53]} Qd7
{[%clk 0:48:25]} 25. Kh1 {[%clk 0:45:29]} Rh5 {[%clk 0:45:53]} 26. Kh2 {[%clk
0:32:58]} Rg6 {[%clk 0:42:23]} 27. Rg1 {[%clk 0:25:59]} Qe7 {[%clk 0:37:04]} 28.
Qe2 {[%clk 0:21:23]} Qg5 {[%clk 0:35:31]} 29. Qf3 {[%clk 0:21:13]} Kh8 {[%clk
0:28:00]} 30. Rf4 {[%clk 0:21:04]} f6 {[%clk 0:24:01]} 31. Rd4 {[%clk 0:21:00]}
b6 {[%clk 0:16:40]} 32. Rgd1 {[%clk 0:20:55]} Qe5+ {[%clk 0:14:28]} 33. Qf4
{[%clk 0:20:36]} Qxf4+ {[%clk 0:13:43]} 34. Rxf4 {[%clk 0:21:00]} Rhg5 {[%clk
0:11:53]} 35. g3 {[%clk 0:20:59]} Re5 {[%clk 0:10:11]} 36. Rfd4 {[%clk 0:20:22]}
Rf5 {[%clk 0:07:37]} 37. Kg2 {[%clk 0:20:21]} Rfg5 {[%clk 0:04:23]} 38. Rxd5
{[%clk 0:19:55]} f5 {[%clk 0:03:56]} 39. R1d4 {[%clk 0:19:07]} Rc6 {[%clk
0:03:39]} 40. Rf4 {[%clk 0:48:14]} g6 {[%clk 0:33:05]} 41. Rfd4 {[%clk 0:48:02]}
Rf6 {[%clk 0:30:16]} 42. Rxc4 {[%clk 0:47:35]} a5 {[%clk 0:27:17]} 43. Rc8+
{[%clk 0:47:46]} Kg7 {[%clk 0:27:27]} 44. Rd7+ {[%clk 0:48:01]} Rf7 {[%clk
0:27:42]} 45. Rxf7+ {[%clk 0:48:25]} Kxf7 {[%clk 0:28:05]} 46. Rb8 {[%clk
0:48:41]} Rh5 {[%clk 0:27:14]} 47. Rxb6 {[%clk 0:48:59]} g5 {[%clk 0:27:21]} 48.
Rb5 {[%clk 0:48:57]} a4 {[%clk 0:26:42]} 49. Rxf5+ {[%clk 0:49:18]} Kg6 {[%clk
0:26:05]} 50. Ra5 {[%clk 0:49:39]} 1-0

[Event "Greek Team Championship"]
[Site "chess24.com"]
[Date "2017.07.07"]
[Round "6"]
[White "Sidiropoulos, Nikolaos"]
[Black "Tsaknakis, Zisis"]
[Result "1/2-1/2"]
[Board "8"]
[WhiteElo "2025"]
[WhiteCountry "GRE"]
[WhiteFideId "4217250"]
[WhiteEloChange "4"]
[BlackElo "2187"]
[BlackCountry "GRE"]
[BlackFideId "4259963"]
[BlackEloChange "-4"]

1. a3 {[%clk 1:30:58]} g6 {[%clk 1:26:33]} 2. e3 {[%clk 1:31:08]} Bg7 {[%clk
1:26:57]} 3. Nf3 {[%clk 1:31:33]} Nf6 {[%clk 1:27:03]} 4. c4 {[%clk 1:31:49]} O-O
{[%clk 1:27:26]} 5. Nc3 {[%clk 1:32:06]} d6 {[%clk 1:24:40]} 6. Be2 {[%clk
1:32:10]} c5 {[%clk 1:23:33]} 7. O-O {[%clk 1:32:17]} Nc6 {[%clk 1:23:25]} 8. Rb1
{[%clk 1:31:19]} d5 {[%clk 1:19:23]} 9. cxd5 {[%clk 1:28:27]} Nxd5 {[%clk
1:19:45]} 10. Qc2 {[%clk 1:18:19]} e5 {[%clk 1:12:05]} 11. d3 {[%clk 1:08:00]} b6
{[%clk 1:11:24]} 12. Nxd5 {[%clk 1:04:39]} Qxd5 {[%clk 1:11:45]} 13. Rd1 {[%clk
0:55:22]} Bb7 {[%clk 1:06:11]} 14. Qc4 {[%clk 0:54:00]} Qxc4 {[%clk 0:55:30]} 15.
dxc4 {[%clk 0:54:29]} e4 {[%clk 0:54:26]} 16. Ng5 {[%clk 0:52:14]} Ne5 {[%clk
0:54:04]} 17. Bd2 {[%clk 0:49:55]} Rfd8 {[%clk 0:44:49]} 18. Bc3 {[%clk 0:48:06]}
h6 {[%clk 0:42:37]} 19. Nh3 {[%clk 0:47:29]} g5 {[%clk 0:40:54]} 20. Bxe5 {[%clk
0:21:32]} Bxe5 {[%clk 0:41:16]} 21. b3 {[%clk 0:21:31]} Bc3 {[%clk 0:28:47]} 22.
Kf1 {[%clk 0:19:54]} Kf8 {[%clk 0:23:58]} 23. Rxd8+ {[%clk 0:17:44]} Rxd8 {[%clk
0:24:20]} 24. Rd1 {[%clk 0:18:04]} Rxd1+ {[%clk 0:21:27]} 25. Bxd1 {[%clk
0:18:33]} Be5 {[%clk 0:21:23]} 26. g3 {[%clk 0:18:46]} Bb2 {[%clk 0:19:57]} 27.
a4 {[%clk 0:19:00]} Ke7 {[%clk 0:18:16]} 28. Ng1 {[%clk 0:12:23]} Bc1 {[%clk
0:16:42]} 29. Ke1 {[%clk 0:12:00]} Ke6 {[%clk 0:15:19]} 30. Ne2 {[%clk 0:08:11]}
Ba3 {[%clk 0:15:15]} 31. h3 {[%clk 0:07:31]} Bb2 {[%clk 0:07:35]} 32. Kd2 {[%clk
0:07:27]} Bc8 {[%clk 0:06:08]} 33. Nc3 {[%clk 0:06:09]} Bxc3+ {[%clk 0:06:07]}
34. Kxc3 {[%clk 0:06:36]} Ke5 {[%clk 0:06:01]} 35. g4 {[%clk 0:03:36]} f5 {[%clk
0:04:22]} 36. Kd2 {[%clk 0:00:33]} Bd7 {[%clk 0:00:47]} 37. gxf5 {[%clk 0:00:32]}
Bxf5 {[%clk 0:01:09]} 38. Bg4 {[%clk 0:01:01]} Bg6 {[%clk 0:01:25]} 39. Ke2
{[%clk 0:00:36]} h5 {[%clk 0:01:26]} 40. Bd7 {[%clk 0:30:50]} Bf7 {[%clk
0:31:05]} 41. Bc8 {[%clk 0:16:23]} Be8 {[%clk 0:30:00]} 42. Kf1 {[%clk 0:14:24]}
h4 {[%clk 0:29:48]} 43. Bg4 {[%clk 0:14:43]} Kd6 {[%clk 0:22:59]} 44. Kg2 {[%clk
0:11:52]} Bc6 {[%clk 0:22:17]} 45. Bh5 {[%clk 0:09:45]} Bd7 {[%clk 0:20:42]} 46.
Bg6 {[%clk 0:09:29]} Ke5 {[%clk 0:20:28]} 47. Bh5 {[%clk 0:09:47]} Be6 {[%clk
0:20:45]} 48. Be2 {[%clk 0:09:48]} Bc8 {[%clk 0:21:07]} 49. Bh5 {[%clk 0:09:49]}
Be6 {[%clk 0:21:17]} 50. Be2 {[%clk 0:10:11]} Bd7 {[%clk 0:21:44]} 51. Bh5 {[%clk
0:10:15]} Bf5 {[%clk 0:20:44]} 52. Bd1 {[%clk 0:08:31]} Bd7 {[%clk 0:19:44]} 53.
Bh5 {[%clk 0:08:38]} Kd6 {[%clk 0:20:07]} 54. Bg6 {[%clk 0:08:53]} Bc6 {[%clk
0:20:33]} 55. Bh5 {[%clk 0:09:07]} Kc7 {[%clk 0:20:45]} 56. Be2 {[%clk 0:08:46]}
Bd7 {[%clk 0:19:27]} 57. Bh5 {[%clk 0:04:11]} Kb7 {[%clk 0:19:38]} 58. Bg6 {[%clk
0:01:30]} Bc6 {[%clk 0:19:39]} 59. Bh5 {[%clk 0:00:41]} Ka6 {[%clk 0:14:14]} 60.
f4 {[%clk 0:01:02]} exf3+ {[%clk 0:13:28]} 61. Bxf3 {[%clk 0:01:29]} Be8 {[%clk
0:12:16]} 62. Bd5 {[%clk 0:00:34]} Ka5 {[%clk 0:12:18]} 63. e4 {[%clk 0:00:33]}
Kb4 {[%clk 0:12:37]} 64. e5 {[%clk 0:00:46]} Kxb3 {[%clk 0:12:43]} 65. Kf3 {[%clk
0:01:06]} Kxa4 {[%clk 0:03:48]} 66. Kg4 {[%clk 0:01:30]} Kb3 {[%clk 0:04:01]} 67.
Kxg5 {[%clk 0:01:47]} a5 {[%clk 0:04:19]} 68. Kf6 {[%clk 0:01:44]} a4 {[%clk
0:04:21]} 69. Ke7 {[%clk 0:02:06]} a3 {[%clk 0:04:21]} 70. Kxe8 {[%clk 0:02:30]}
a2 {[%clk 0:04:47]} 71. e6 {[%clk 0:02:57]} a1Q {[%clk 0:05:09]} 72. e7 {[%clk
0:03:25]} Kb4 {[%clk 0:00:44]} 73. Kd8 {[%clk 0:03:20]} Qf6 {[%clk 0:00:53]} 74.
Kd7 {[%clk 0:03:45]} Qg7 {[%clk 0:00:50]} 75. Kd8 {[%clk 0:03:52]} Qf6 {[%clk
0:01:00]} 76. Kd7 {[%clk 0:04:18]} Qg7 {[%clk 0:00:58]} 77. Kd8 {[%clk 0:04:33]}
Qg5 {[%clk 0:01:07]} 78. Kd7 {[%clk 0:04:57]} Qf5+ {[%clk 0:00:50]} 79. Kd8
{[%clk 0:05:10]} Qf6 {[%clk 0:00:52]} 1/2-1/2

[Event "Greek Team Championship"]
[Site "chess24.com"]
[Date "2017.07.07"]
[Round "6"]
[White "Betsakos, Konstantinos"]
[Black "Alexakis, Georgios"]
[Result "0-1"]
[Board "9"]
[WhiteElo "1844"]
[WhiteCountry "GRE"]
[WhiteFideId "4253337"]
[WhiteEloChange "-5"]
[BlackElo "2048"]
[BlackCountry "GRE"]
[BlackFideId "4255038"]
[BlackEloChange "5"]

1. e4 {[%clk 1:30:49]} c5 {[%clk 1:30:49]} 2. Nf3 {[%clk 1:31:00]} Nc6 {[%clk
1:30:28]} 3. Bb5 {[%clk 1:31:15]} Nf6 {[%clk 1:30:20]} 4. e5 {[%clk 1:31:05]} Nd5
{[%clk 1:30:04]} 5. Nc3 {[%clk 1:31:19]} Nc7 {[%clk 1:28:53]} 6. Bxc6 {[%clk
1:31:23]} dxc6 {[%clk 1:29:18]} 7. Ne4 {[%clk 1:30:39]} Ne6 {[%clk 1:25:42]} 8.
d3 {[%clk 1:30:50]} g6 {[%clk 1:23:34]} 9. Be3 {[%clk 1:28:46]} b6 {[%clk
1:23:40]} 10. Qd2 {[%clk 1:28:03]} Bg7 {[%clk 1:19:22]} 11. Bh6 {[%clk 1:26:42]}
Qc7 {[%clk 1:11:31]} 12. O-O-O {[%clk 1:06:37]} Bd7 {[%clk 1:03:25]} 13. Bxg7
{[%clk 1:04:24]} Nxg7 {[%clk 1:03:50]} 14. Rhe1 {[%clk 1:03:19]} O-O-O {[%clk
0:54:30]} 15. h3 {[%clk 0:49:55]} h6 {[%clk 0:51:34]} 16. Qc3 {[%clk 0:45:27]}
Be6 {[%clk 0:43:04]} 17. b3 {[%clk 0:41:04]} Nf5 {[%clk 0:41:37]} 18. Kb2 {[%clk
0:30:01]} Nd4 {[%clk 0:40:04]} 19. a4 {[%clk 0:26:01]} Nxf3 {[%clk 0:30:01]} 20.
gxf3 {[%clk 0:26:25]} a5 {[%clk 0:22:43]} 21. Rh1 {[%clk 0:22:38]} Rd4 {[%clk
0:22:33]} 22. f4 {[%clk 0:21:55]} Rhd8 {[%clk 0:21:18]} 23. Qe1 {[%clk 0:18:12]}
c4 {[%clk 0:15:35]} 24. Qe2 {[%clk 0:15:42]} cxb3 {[%clk 0:15:20]} 25. cxb3
{[%clk 0:15:54]} Rb4 {[%clk 0:15:18]} 26. Nd2 {[%clk 0:16:16]} Qd7 {[%clk
0:13:38]} 27. Nc4 {[%clk 0:14:12]} Qd4+ {[%clk 0:13:41]} 28. Kc2 {[%clk 0:14:23]}
b5 {[%clk 0:11:57]} 29. axb5 {[%clk 0:14:10]} cxb5 {[%clk 0:11:04]} 30. Nxa5
{[%clk 0:14:32]} Rd7 {[%clk 0:06:25]} 31. Qe3 {[%clk 0:07:25]} Rc7+ {[%clk
0:05:08]} 32. Nc4 {[%clk 0:07:47]} bxc4 {[%clk 0:01:51]} 33. dxc4 {[%clk
0:07:09]} Bf5+ {[%clk 0:02:05]} 34. Kc1 {[%clk 0:03:48]} Rcxc4+ {[%clk 0:02:18]}
0-1

[Event "Greek Team Championship"]
[Site "chess24.com"]
[Date "2017.07.07"]
[Round "6"]
[White "Kokolakis, Panagiotis"]
[Black "Giouvantsioudis-Mousiadis, Arist"]
[Result "1/2-1/2"]
[Board "10"]
[WhiteElo "1351"]
[WhiteCountry "GRE"]
[WhiteFideId "4291115"]
[WhiteEloChange "3"]
[BlackElo "1446"]
[BlackCountry "GRE"]
[BlackFideId "4296125"]
[BlackEloChange "-3"]

1. e4 {[%clk 1:30:55]} d6 {[%clk 1:30:41]} 2. d4 {[%clk 1:31:19]} Nf6 {[%clk
1:30:42]} 3. Nc3 {[%clk 1:31:19]} c6 {[%clk 1:30:45]} 4. f4 {[%clk 1:31:36]} Qa5
{[%clk 1:30:57]} 5. e5 {[%clk 1:31:57]} Ne4 {[%clk 1:27:51]} 6. Qf3 {[%clk
1:32:26]} Bf5 {[%clk 1:27:56]} 7. Bd3 {[%clk 1:31:46]} Nxc3 {[%clk 1:21:15]} 8.
Bxf5 {[%clk 1:31:39]} Nb5+ {[%clk 1:17:46]} 9. Bd2 {[%clk 1:29:20]} Qd8 {[%clk
1:16:11]} 10. Ne2 {[%clk 1:27:52]} dxe5 {[%clk 1:15:58]} 11. dxe5 {[%clk
1:26:30]} e6 {[%clk 1:16:00]} 12. Be4 {[%clk 1:24:41]} Be7 {[%clk 1:02:43]} 13.
O-O {[%clk 1:17:37]} Qxd2 {[%clk 1:01:25]} 14. Rad1 {[%clk 1:14:13]} Bc5+ {[%clk
0:55:52]} 15. Kh1 {[%clk 1:14:35]} Qe3 {[%clk 0:54:44]} 16. a4 {[%clk 1:11:56]}
Qxf3 {[%clk 0:24:24]} 17. Rxf3 {[%clk 1:12:25]} Nc7 {[%clk 0:23:35]} 18. c3
{[%clk 1:12:23]} a5 {[%clk 0:23:31]} 19. Rfd3 {[%clk 1:10:35]} O-O {[%clk
0:23:11]} 20. Nc1 {[%clk 1:07:56]} Re8 {[%clk 0:19:40]} 21. Nb3 {[%clk 1:07:44]}
Bf8 {[%clk 0:19:39]} 22. g3 {[%clk 0:58:40]} Nba6 {[%clk 0:19:09]} 23. Rd7 {[%clk
0:58:31]} Nd5 {[%clk 0:14:59]} 24. Rxb7 {[%clk 0:54:25]} Nc5 {[%clk 0:14:58]} 25.
Nxc5 {[%clk 0:52:30]} Bxc5 {[%clk 0:15:16]} 26. c4 {[%clk 0:52:41]} Ne3 {[%clk
0:12:34]} 27. Rdd7 {[%clk 0:52:25]} Red8 {[%clk 0:12:38]} 28. Bxc6 {[%clk
0:52:19]} Rxd7 {[%clk 0:12:33]} 29. Rxd7 {[%clk 0:52:15]} Rc8 {[%clk 0:11:33]}
30. Bb5 {[%clk 0:51:24]} Nc2 {[%clk 0:10:26]} 31. Kg2 {[%clk 0:50:07]} Ra8 {[%clk
0:09:08]} 32. Kf3 {[%clk 0:48:46]} Nd4+ {[%clk 0:09:14]} 33. Ke4 {[%clk 0:49:15]}
Nxb5 {[%clk 0:08:58]} 34. axb5 {[%clk 0:49:11]} Rb8 {[%clk 0:08:49]} 35. Rc7
{[%clk 0:44:47]} Bg1 {[%clk 0:08:31]} 36. c5 {[%clk 0:44:50]} g6 {[%clk 0:08:23]}
37. b6 {[%clk 0:44:40]} Bxc5 {[%clk 0:05:06]} 38. Rxc5 {[%clk 0:34:07]} Rxb6
{[%clk 0:05:27]} 39. Rc2 {[%clk 0:33:46]} 1/2-1/2

[Event "Greek Team Championship"]
[Site "chess24.com"]
[Date "2017.07.07"]
[Round "6"]
[White "Wieczorek, Oskar"]
[Black "Zysk, Robert"]
[Result "1/2-1/2"]
[Board "1"]
[WhiteElo "2462"]
[WhiteTitle "IM"]
[WhiteCountry "POL"]
[WhiteFideId "1133950"]
[WhiteEloChange "-1"]
[BlackElo "2405"]
[BlackTitle "IM"]
[BlackCountry "GER"]
[BlackFideId "4600410"]
[BlackEloChange "1"]

1. e4 {[%clk 1:30:57]} e6 {[%clk 1:30:55]} 2. d4 {[%clk 1:31:04]} d5 {[%clk
1:31:23]} 3. Nc3 {[%clk 1:31:00]} Nf6 {[%clk 1:31:39]} 4. e5 {[%clk 1:31:25]}
Nfd7 {[%clk 1:32:04]} 5. f4 {[%clk 1:31:49]} c5 {[%clk 1:32:30]} 6. Nf3 {[%clk
1:32:14]} Nc6 {[%clk 1:32:54]} 7. Be3 {[%clk 1:32:39]} a6 {[%clk 1:32:56]} 8. Qd2
{[%clk 1:32:50]} Be7 {[%clk 1:32:50]} 9. Be2 {[%clk 1:30:04]} b5 {[%clk 1:30:25]}
10. a3 {[%clk 1:27:50]} O-O {[%clk 1:27:40]} 11. O-O {[%clk 1:28:07]} Qb6 {[%clk
1:26:36]} 12. Rad1 {[%clk 1:20:30]} cxd4 {[%clk 1:08:41]} 13. Nxd4 {[%clk
1:20:30]} Bc5 {[%clk 1:09:02]} 14. Rf3 {[%clk 1:09:52]} Nxd4 {[%clk 1:04:54]} 15.
Bxd4 {[%clk 1:10:20]} Bxd4+ {[%clk 1:05:06]} 16. Qxd4 {[%clk 1:10:48]} Bb7 {[%clk
1:05:03]} 17. Na2 {[%clk 0:56:34]} Rac8 {[%clk 1:00:27]} 18. Rc3 {[%clk 0:56:37]}
Qxd4+ {[%clk 0:50:51]} 19. Rxd4 {[%clk 0:57:05]} Nc5 {[%clk 0:51:13]} 20. b3
{[%clk 0:39:16]} Ne4 {[%clk 0:48:12]} 21. Rxc8 {[%clk 0:38:02]} Rxc8 {[%clk
0:48:34]} 22. c4 {[%clk 0:29:01]} bxc4 {[%clk 0:41:37]} 23. bxc4 {[%clk 0:29:19]}
a5 {[%clk 0:41:11]} 24. cxd5 {[%clk 0:24:04]} Bxd5 {[%clk 0:41:27]} 25. Bf3
{[%clk 0:23:04]} f5 {[%clk 0:41:06]} 26. exf6 {[%clk 0:22:25]} Nxf6 {[%clk
0:41:00]} 27. Bxd5 {[%clk 0:22:17]} exd5 {[%clk 0:41:00]} 28. Rd1 {[%clk
0:16:48]} Rc2 {[%clk 0:37:51]} 29. Nc1 {[%clk 0:17:15]} Rc3 {[%clk 0:34:01]} 30.
a4 {[%clk 0:16:24]} Rc4 {[%clk 0:32:09]} 31. Ne2 {[%clk 0:16:50]} Rxa4 {[%clk
0:29:42]} 32. Nc3 {[%clk 0:16:45]} Rxf4 {[%clk 0:29:30]} 33. Nxd5 {[%clk
0:15:33]} Nxd5 {[%clk 0:28:53]} 34. Rxd5 {[%clk 0:15:47]} a4 {[%clk 0:29:00]} 35.
Ra5 {[%clk 0:15:33]} h6 {[%clk 0:25:37]} 36. g3 {[%clk 0:14:14]} Rb4 {[%clk
0:24:41]} 37. Ra7 {[%clk 0:04:55]} Kh7 {[%clk 0:20:02]} 38. Kf2 {[%clk 0:03:53]}
h5 {[%clk 0:17:47]} 39. Kf3 {[%clk 0:02:47]} Kh6 {[%clk 0:16:30]} 40. Ra6+ {[%clk
0:32:29]} g6 {[%clk 0:46:35]} 41. h3 {[%clk 0:18:00]} Rc4 {[%clk 0:38:23]} 42.
Ra7 {[%clk 0:06:54]} g5 {[%clk 0:30:33]} 43. Ra6+ {[%clk 0:04:18]} Kg7 {[%clk
0:30:53]} 44. g4 {[%clk 0:04:04]} Rf4+ {[%clk 0:25:21]} 45. Kg3 {[%clk 0:03:46]}
h4+ {[%clk 0:25:05]} 46. Kg2 {[%clk 0:04:14]} Rb4 {[%clk 0:22:56]} 47. Ra5 {[%clk
0:02:32]} Kf6 {[%clk 0:22:33]} 48. Rf5+ {[%clk 0:02:52]} Kg6 {[%clk 0:22:43]} 49.
Ra5 {[%clk 0:03:09]} Rc4 {[%clk 0:07:09]} 50. Ra6+ {[%clk 0:03:06]} Kf7 {[%clk
0:06:54]} 51. Ra5 {[%clk 0:03:23]} Rc2+ {[%clk 0:04:10]} 52. Kf3 {[%clk 0:03:16]}
Rc3+ {[%clk 0:04:31]} 53. Ke4 {[%clk 0:03:40]} a3 {[%clk 0:04:47]} 54. Kf5 {[%clk
0:03:22]} Rxh3 {[%clk 0:03:55]} 55. Ra7+ {[%clk 0:02:49]} Kg8 {[%clk 0:03:57]}
56. Kxg5 {[%clk 0:03:04]} Rf3 {[%clk 0:03:23]} 57. Kxh4 {[%clk 0:03:28]} Rf7
{[%clk 0:03:01]} 58. Rxa3 {[%clk 0:03:54]} Kg7 {[%clk 0:03:27]} 59. Kh5 {[%clk
0:04:19]} Rb7 {[%clk 0:03:34]} 60. Ra5 {[%clk 0:04:48]} Rc7 {[%clk 0:03:46]}
1/2-1/2